000 00879nam a2200217Ii 4500
003 JO-AjNU
008 230605s9999||||xx |||||||||||||| ||und||
017 _a2012/3/923
040 _aJO-AjNU
_bara
_erda
_cJO-AjNU
041 _aara
050 1 4 _aKMM51.2 2014
100 3 _aالقضاه، محمد احمد حسن ,
_eauthor
_958191
245 0 0 _aالوافي في شرح قانون الاحوال الشخصيه الاردني الجدبد رقم (36) لسنة 2010م: عقد الزواج واثارة ( من المادة1-79)، الكتاب الاول
250 _aط2
264 3 1 _aعمان: المؤلف، 2012
300 _aالكتاب الاول: 284ص
336 _atext
_btxt
_2rdacontent
337 _aunmediated
_bn
_2rdamedia
338 _avolume
_bnc
_2rdacarrier
650 4 _aقانون الاحوال الشخصيه - الاردن - الزواج
_958192
999 _aA26119
_c29687
_d29687